Image enhancement with weighted median filter / (Record no. 42849)

MARC details
000 -LEADER
fixed length control field 00790nam a22002297a 4500
005 - DATE AND TIME OF LATEST TRANSACTION
control field 20100821105358.0
010 ## - LCCN (DPL NO)
LC control number ENG-101220
020 ## - INTERNATIONAL STANDARD BOOK NUMBER
Terms of availability 200.00
International Standard Book Number 9788190787864
035 ## - SYSTEM CONTROL NUMBER
System control number EN-84753
037 ## - SOURCE OF ACQUISITION
Source of stock number/acquisition DBAD/PUB
082 ## - DEWEY DECIMAL CLASSIFICATION NUMBER
Classification number 621.367
100 ## - MAIN ENTRY--PERSONAL NAME
Personal name Divya, N.
245 ## - TITLE STATEMENT
Title Image enhancement with weighted median filter /
Statement of responsibility, etc by N. Divya
260 ## - PUBLICATION, DISTRIBUTION, ETC. (IMPRINT)
Place of publication, distribution, etc Cnennai
Name of publisher, distributor, etc Bodhivanam
Date of publication, distribution, etc 2007
270 ## - ADDRESS
Address Ahmed Complex Gr. Floor 12/293, Royapettah High Road
City Cnennai
Postal code 600014
300 ## - PHYSICAL DESCRIPTION
Extent 100 p.
Dimensions 22cm (Pbk)
500 ## - GENERAL NOTE
General note Includes bibliographical references
700 ## - ADDED ENTRY--PERSONAL NAME
9 (RLIN) 15693
700 ## - ADDED ENTRY--PERSONAL NAME
9 (RLIN) 15729
942 ## - ADDED ENTRY ELEMENTS (KOHA)
Source of classification or shelving scheme Dewey Decimal Classification
Item type English Books
Call number suffix DIV
Classification part 621.367
Holdings
Withdrawn status Lost status Not for loan Collection code Home library Current library Date acquired Cost, normal purchase price Full call number Barcode Copy number Cost, replacement price Koha item type
    Not For Loan Non-fiction D.B.Act.Division D.B.Act.Division 21/08/2010 200.00 621.367 DIV EN-84753 1 200.00 English Books

© Delhi Public Library
Hit Counter
free hit counter